000 00702nam a2200301Ia 4500
005 20260401122405.0
008 008 250103s9999 xx 000 0 eng d
020 _a9780511160738
037 _aTB
040 _aEDL
040 _beng
040 _cEDL
041 _2eng
041 _aeng
084 _a194 MAR
084 _qEDL
100 _aMarks, Jonathan
_91233462
245 0 _aPerfection and Disharmony in the Thought of Jean-Jacques Rousseau
245 0 _cMarks, Jonathan
260 _aCambridge
260 _bCambridge University Press
260 _c2005
300 _a191p
942 _cTB
942 _h194 MAR
999 _c1846956
_d1846956